000 00710cam a2200241 4500
008 090401t1992 xxu||||| |||| 00| 0 eng d
020 _a0582051088
035 _a(Sirsi) u62152
041 _aeng
050 _a690.25
100 _aCook, Geoffrey K.
245 _aAppraising building defects: perspectives on stability and hygrothermal performance.
260 _aHarlow, essex
_bLongman Scientific & Tecnical
_c1992
300 _axxiv,488p. : ill. ; 25cm
350 _a0
650 _aBUILDING DEFECTS
650 _aHYGROTHERMAL PERFORMANCE
650 _aSTRUCTURAL STABILITY
690 _aBUILT ENVIRONMENT-BUILDING PATHOLOGY
700 _aHinks, A. John
942 _n0
948 _c04/03/1997
999 _c94375
_d94375